Statistics for Countries that Visit Guam the Most

Click here to take the quiz!

General Stats

  • This quiz has been taken 472 times
    (471 since last reset)
  • The average score is 8 of 12

Answer Stats

VisitorsCountry% Correct
95,285United States*
97%
27,013China
92%
745,680Japan
89%
2,197Australia
86%
982Canada
78%
544,957South Korea
78%
21,652Philippines
76%
42,229Taiwan
67%
2,588Russia
60%
11,120F. S. Micronesia
42%
4,792Palau
40%
1,219Marshall Islands
38%

Score Distribution

Percentile by Number Answered

Percent of People with Each Score

Your Score History

You have not taken this quiz since the last reset